00896nam a22002297a 450000500170000001000150001702000270003203500140005903700090007308200200008210000270010224500850012925000070021426000760022127000880029730000210038570000370040670000360044394200340047999900190051395201340053220250801123810.0 aENG-146304 a9789357804745c1200.00 aen-129836 bDBAD a791.8205482201 aGanesan, Sundar983586 aTHUNDEROUS RUN BOUNTIFUL HARVEST/cSundar GanesanbBULLSCAPES OF TAMIL GEOGRAPHY a01 aTamil Nadu, IndiabSenaapathy Kangayam Cattle Research Foundationc2023 aKuttapalayam(p.o.), Tiruppur District, (Formerly Erode District), Tamil Nadu, India a197p.c21cm(pbk) aSivasenapathy, Karthikeya983587 aRajakumar, Karthik Prema983588 2ddccENh791.8205482mGANe01 c212785d212785 001040708NFICaMbMd2025-08-01eDBADg1200.00l0o791.8205482 GANpEN-129836r2025-08-01 00:00:00t1v1200.00w2025-08-01yEN